Theodore Rex / (Record no. 1044)

MARC details
000 -LEADER
fixed length control field 01420cam a2200373 a 4500
005 - DATE AND TIME OF LATEST TRANSACTION
control field 20260322212044.0
008 - FIXED-LENGTH DATA ELEMENTS--GENERAL INFORMATION
fixed length control field data
010 ## - LIBRARY OF CONGRESS CONTROL NUMBER
LC control number 2001019366
020 ## - INTERNATIONAL STANDARD BOOK NUMBER
International Standard Book Number 9780394555096 (acidfree paper)
020 ## - INTERNATIONAL STANDARD BOOK NUMBER
International Standard Book Number 0394555090 (acid-free paper)
040 ## - CATALOGING SOURCE
Original cataloging agency DLC
Transcribing agency DLC
Modifying agency DLC
043 ## - GEOGRAPHIC AREA CODE
Geographic area code n-us---
050 00 - LIBRARY OF CONGRESS CALL NUMBER
Classification number E757
Item number .M885 2001
082 00 - DEWEY DECIMAL CLASSIFICATION NUMBER
Classification number 973.91/1
Edition information 21
099 ## - LOCAL FREE-TEXT CALL NUMBER (OCLC)
Classification number ROOSE T
001 - CONTROL NUMBER
control field data
100 1# - MAIN ENTRY--PERSONAL NAME
Personal name Morris, Edmund.
245 10 - TITLE STATEMENT
Title Theodore Rex /
Statement of responsibility, etc. Edmund Morris, Edmund Morris & Edmund Morris.
250 ## - EDITION STATEMENT
Edition statement 1st ed.
260 ## - PUBLICATION, DISTRIBUTION, ETC.
Place of publication, distribution, etc. New York :
Name of publisher, distributor, etc. Random House,
Date of publication, distribution, etc. c2001.
300 ## - PHYSICAL DESCRIPTION
Extent x, 772 p. :
Other physical details ill., maps ;
Dimensions 25 cm.
500 ## - GENERAL NOTE
General note Continues: The rise of Theodore Roosevelt.
500 ## - GENERAL NOTE
General note Continued by: Colonel Roosevelt.
504 ## - BIBLIOGRAPHY, ETC. NOTE
Bibliography, etc. note Includes bibliographical references (p. [563]-571) and index.
600 10 - SUBJECT ADDED ENTRY--PERSONAL NAME
Personal name Roosevelt, Theodore,
Dates associated with a name 1858-1919.
650 #0 - SUBJECT ADDED ENTRY--TOPICAL TERM
Topical term or geographic name entry element Presidents
Form subdivision Biography.
Geographic subdivision United States
650 #0 - SUBJECT ADDED ENTRY--TOPICAL TERM
Topical term or geographic name entry element Roosevelt, Theodore
651 #0 - SUBJECT ADDED ENTRY--GEOGRAPHIC NAME
Geographic name United States
General subdivision Politics and government
Chronological subdivision 1901-1909.
700 1# - ADDED ENTRY--PERSONAL NAME
Personal name Morris, Edmund.
Title of a work Rise of Theodore Roosevelt.
700 1# - ADDED ENTRY--PERSONAL NAME
Personal name Morris, Edmund.
Title of a work Colonel Roosevelt.
856 42 - ELECTRONIC LOCATION AND ACCESS
Materials specified Contributor biographical information
Uniform Resource Identifier <a href="http://www.loc.gov/catdir/bios/random053/2001019366.html">http://www.loc.gov/catdir/bios/random053/2001019366.html</a>
856 41 - ELECTRONIC LOCATION AND ACCESS
Materials specified Sample text
Uniform Resource Identifier <a href="http://www.loc.gov/catdir/samples/random044/2001019366.html">http://www.loc.gov/catdir/samples/random044/2001019366.html</a>
856 42 - ELECTRONIC LOCATION AND ACCESS
Materials specified Publisher description
Uniform Resource Identifier <a href="http://www.loc.gov/catdir/description/random0411/2001019366.html">http://www.loc.gov/catdir/description/random0411/2001019366.html</a>
Holdings
Withdrawn status Lost status Damaged status Not for loan Home library Current library Shelving location Date acquired Total checkouts Full call number Barcode Date last seen Price effective from Koha item type
        Centerville Centerville General stacks 22/03/2026   973.91/1 21 BC0011078 22/03/2026 22/03/2026 Books